| Поле | Инд. | ПП | Название | Значение |
|---|---|---|---|---|
| Тип записи | a | |||
| Библиографический уровень | b | |||
| 001 | Контрольный номер | RU/IS/BASE/440687283 | ||
| 005 | Дата корректировки | 20210826105008.9 | ||
| 008 | Кодируемые данные | 20131218 | ||
| 040 | b | Код языка каталог. | rus | |
| e | Правила каталог. | PSBO | ||
| 041 | 0_ | a | Код языка текста | rus |
| 084 | a | Индекс другой классификации/Индекс ББК | 87.3(0); 87.22 | |
| 100 | 1_ | a | Автор | Мутсопулос Е. |
| q | Полное имя | Мутсопулос Евангелос | ||
| 245 | 10 | a | Заглавие | Истина: успехи и поражения |
| c | Ответственность | перевод с французского К. Галаниной | ||
| 504 | a | Библиография | Библиогр. - Примеч.: с. 113 - 114 | |
| 520 | 0_ | a | Аннотация | В статье исследуется возможность прочертить линию демаркации между категорией истины и противопоставленными ей категориями ложного, включающими в себя категории обмана, заблуждения, ляпсуса. Согласно автору, чтобы понять их действительные отношения, необходимо обратиться к различиям не только эпистемологического, но и этического порядка |
| 650 | 14 | a | Основная рубрика | гносеология (эпистемология) |
| a | Основная рубрика | история философии | ||
| a | Основная рубрика | философия | ||
| 653 | 0_ | a | Ключевые слова | заблуждение |
| a | Ключевые слова | истина | ||
| a | Ключевые слова | ложь | ||
| a | Ключевые слова | мышление | ||
| a | Ключевые слова | обман | ||
| a | Ключевые слова | познание | ||
| 700 | 12 | a | Автор | Галанина К. |
| e | Роль лиц | переводчик | ||
| 773 | 08 | t | Заглавие источника | Вопросы философии |
| d | Дата издания источника | 2013 | ||
| g | Прочая информация | № 5. - С. 107 - 114 | ||
| w | Контрольный № источника | RU/IS/BASE/424277693 | ||
| 901 | t | Тип документа | b |